<?xml version='1.0' encoding='UTF-8'?>
  <record xmlns="http://www.loc.gov/MARC21/slim">
    <leader>00000nam a22000007i 4500</leader>
    <controlfield tag="001">ocn974067779</controlfield>
    <controlfield tag="003">OCoLC</controlfield>
    <controlfield tag="005">20250303092948.8</controlfield>
    <controlfield tag="008">170301s1870    ne            000 0 dut d</controlfield>
    <datafield tag="040" ind1=" " ind2=" ">
      <subfield code="a">QGJ</subfield>
      <subfield code="b">dut</subfield>
      <subfield code="c">QGJ</subfield>
      <subfield code="d">OCLCL</subfield>
      <subfield code="d">OCLCQ</subfield>
    </datafield>
    <datafield tag="035" ind1=" " ind2=" ">
      <subfield code="a">(OCoLC)974067779</subfield>
    </datafield>
    <datafield tag="041" ind1="1" ind2=" ">
      <subfield code="a">dut</subfield>
      <subfield code="h">eng</subfield>
    </datafield>
    <datafield tag="100" ind1="1" ind2=" ">
      <subfield code="a">Gardner, James,</subfield>
      <subfield code="c">theoloog.</subfield>
    </datafield>
    <datafield tag="245" ind1="1" ind2="3">
      <subfield code="a">De geloofsbelijdenissen der wereld :</subfield>
      <subfield code="b">eene beschrijving van alle godsdiensten en godsdienstige gezindheden, hare leerstellingen, gebruiken, plegtigheden, en gewoonten /</subfield>
      <subfield code="c">naar de nieuwste en beste bronnen zamengest. door James Gardner ; voor Nederland bew. door J.G.R. Vos ; onder medew. van eenige vaderlandsche godgeleerden ; met aanbevelingen van J.J. van Oosterzee, G.J. Finke en J.J.L. ten Kate.</subfield>
    </datafield>
    <datafield tag="246" ind1="1" ind2=" ">
      <subfield code="a">godsdiensten der wereld</subfield>
    </datafield>
    <datafield tag="264" ind1=" " ind2="1">
      <subfield code="a">Nieuwediep :</subfield>
      <subfield code="b">de Buisonjé,</subfield>
      <subfield code="c">[1870]</subfield>
    </datafield>
    <datafield tag="300" ind1=" " ind2=" ">
      <subfield code="a">2 dl. ;</subfield>
      <subfield code="c">28 cm</subfield>
    </datafield>
    <datafield tag="336" ind1=" " ind2=" ">
      <subfield code="a">tekst</subfield>
      <subfield code="b">txt</subfield>
      <subfield code="2">rdacontent/dut</subfield>
    </datafield>
    <datafield tag="337" ind1=" " ind2=" ">
      <subfield code="a">zonder medium</subfield>
      <subfield code="b">n</subfield>
      <subfield code="2">rdamedia/dut</subfield>
    </datafield>
    <datafield tag="338" ind1=" " ind2=" ">
      <subfield code="a">band</subfield>
      <subfield code="b">nc</subfield>
      <subfield code="2">rdacarrier/dut</subfield>
    </datafield>
    <datafield tag="500" ind1=" " ind2=" ">
      <subfield code="a">Voordehandse titel: De godsdiensten der wereld.</subfield>
    </datafield>
    <datafield tag="530" ind1=" " ind2=" ">
      <subfield code="a">Also available in online version.</subfield>
    </datafield>
    <datafield tag="700" ind1="1" ind2=" ">
      <subfield code="a">Vos, J. G. R.</subfield>
    </datafield>
    <datafield tag="758" ind1=" " ind2=" ">
      <subfield code="a">De geloofsbelijdenissen der wereld, eene beschrijving van alle godsdiensten en godsdienstige gezindheden, hare leerstellingen, gebruiken, plegtigheden, en gewoonten (Text)</subfield>
      <subfield code="1">https://id.oclc.org/worldcat/entity/E39PCGHJTrjvxpmf6jvJ3v4K3P</subfield>
      <subfield code="4">https://id.oclc.org/worldcat/ontology/hasWork</subfield>
    </datafield>
    <datafield tag="776" ind1="0" ind2="8">
      <subfield code="i">Online version:</subfield>
      <subfield code="a">Gardner, James,</subfield>
      <subfield code="t">De geloofsbelijdenissen der wereld :</subfield>
      <subfield code="d">Nieuwediep : de Buisonjé, [1870]</subfield>
    </datafield>
    <datafield tag="856" ind1="4" ind2="1">
      <subfield code="u">http://proxy.library.uu.nl/login?url=http://objects.library.uu.nl/reader/resolver.php?obj=975852&amp;type=2</subfield>
      <subfield code="x">Online</subfield>
      <subfield code="z">Full text</subfield>
    </datafield>
    <datafield tag="936" ind1=" " ind2=" ">
      <subfield code="a">BATCHLOAD</subfield>
    </datafield>
  </record>